LEADER 04574 am 2200685 n 450 001 9910131387303321 005 20141224 010 $a2-11-139817-9 035 $a(CKB)3710000000491124 035 $a(FrMaCLE)OB-deps-474 035 $a(oapen)https://directory.doabooks.org/handle/20.500.12854/44748 035 $a(PPN)189312890 035 $a(EXLCZ)993710000000491124 100 $a20150921j|||||||| ||| 0 101 0 $afre 135 $auu||||||m|||| 181 $ctxt$2rdacontent 182 $cc$2rdamedia 183 $acr$2rdacarrier 200 14$aLes dépenses culturelles des collectivités territoriales en 2010 : 7,6 milliards d?euros pour la culture /$fJean-Cédric Delvainquière, François Tugores, Nicolas Laroche, Benoit Jourdan 210 $aParis $cDépartement des études, de la prospective et des statistiques$d2014 215 $a1 online resource (32 p.) 330 $aEn 2010, les dépenses culturelles des collectivités territoriales (régions, départements, communes de plus de 10 000 habitants et leurs groupements, DOM compris) se sont élevées à 7,6 milliards d?euros soit 118 euros par habitant. Les communes et leurs groupements assument près des trois quarts (73 %) de ces dépenses (respectivement 4,6 milliards et 1 milliard d?euros), les départements 18 % (soit 1,4 milliard) et les régions 9 % (0,7 milliard). Ces dépenses représentent en moyenne une part plus élevée des dépenses totales des communes et de leurs groupements (8,0 % et 7,0 %) que de celles des régions (2,7 %) et des départements (2,1 %). Par rapport à 2006, année de la précédente édition de l?enquête, les dépenses culturelles territoriales ont progressé de près de 10 % soit + 2,3 % par an en France métropolitaine. Progressant quasiment au même rythme que l?inflation (+ 1,4 % par an), les dépenses culturelles des communes ont plutôt stagné en volume, mais le nombre de groupements de communes actifs dans le domaine culturel a progressé et leurs dépenses culturelles ont augmenté de 6 % par an. L?évolution des dépenses culturelles des départements et des régions est légèrement supérieure à l?inflation pour les départements (+ 1,8% par an), plus significative pour les régions (+ 4,5 % par an) et tient surtout à une forte progression en début de période. L?effort culturel des départements et des régions s?est ensuite contracté en raison d?une plus forte progression des dépenses totales, liée aux transferts de compétences. Le soutien à l?expression artistique et aux activités culturelles regroupe près de 60 % des dépenses des communes et de leurs groupements (4,3 milliards d?euros), en grande partie des dépenses de fonctionnement (85 %). Départements et régions se sont investis de manière croissante dans le patrimoine, qui représente 59 % des dépenses culturelles départementales et 23 % des dépenses culturelles régionales en 2010. Plus impliqué dans la gestion souvent? 517 $adépenses culturelles des collectivités territoriales en 2010 517 $adépenses culturelles des collectivités territoriales en 2010 606 $aBusiness 606 $aCultural studies 606 $acollectivités territoriales 606 $aéconomie de la culture et de la communication 606 $apolitiques publiques 606 $astatistiques culturelles 606 $adépenses 606 $acultural statistics 606 $apublic policies 606 $alocal authorities 606 $aeconomics of culture and Communication 610 $acultural statistics 610 $apublic policies 610 $aeconomics of culture and Communication 610 $alocal authorities 615 4$aBusiness 615 4$aCultural studies 615 4$acollectivités territoriales 615 4$aéconomie de la culture et de la communication 615 4$apolitiques publiques 615 4$astatistiques culturelles 615 4$adépenses 615 4$acultural statistics 615 4$apublic policies 615 4$alocal authorities 615 4$aeconomics of culture and Communication 700 $aDelvainquière$b Jean-Cédric$01304180 701 $aTugores$b François$01304181 701 $aLaroche$b Nicolas$01319150 701 $aJourdan$b Benoit$01319151 801 0$bFR-FrMaCLE 906 $aBOOK 912 $a9910131387303321 996 $aLes dépenses culturelles des collectivités territoriales en 2010 : 7,6 milliards d?euros pour la culture$93033646 997 $aUNINA LEADER 01379nam0 22003373i 450 001 CSA0042041 005 20231121125458.0 100 $a20030922d1982 ||||0itac50 ba 101 | $aita 102 $ait 181 1$6z01$ai $bxxxe 182 1$6z01$an 200 1 $a˜La œgenerazione precaria$elibro-dibattito tra giornalisti e studiosi della realta' educativa nel nostro paese$fVittorio De Luca 210 $aTeramo$cGiunti e Lisciani$d1982-83 215 $a86 p.$d21 cm. 225 | $aEducazione nuova$v40 410 0$1001RAV0001756$12001 $aEducazione nuova$v40 606 $aGiovani$xComportamenti sociali$xItalia$2FIR$3RMLC406112$9I 606 $aGiovani$xComportamento sociale$xInchieste$2FIR$3RMLC218216$9I 676 $a155.5$9Psicologia degli adolescenti.$v21 676 $a305.235$9$v21 700 1$aDe Luca$b, Vittorio$f <1934- >$3RAVV006218$4070$01440870 801 3$aIT$bIT-01$c20030922 850 $aIT-FR0084 $aIT-FR0017 899 $aBiblioteca Del Monumento Nazionale Di Montecassino$bFR0084 899 $aBiblioteca umanistica Giorgio Aprea$bFR0017 $eN 912 $aCSA0042041 950 0$aBiblioteca umanistica Giorgio Aprea$d 52MAG 2/696$e 52BUN0000083925 VMB A4 $fA $h20191121$i20191121 977 $a 25$a 52 996 $aGenerazione precaria$93606508 997 $aUNICAS LEADER 01182nam0 22002891i 450 001 UON00069182 005 20231205102344.7 010 $a21-303-8310-6 100 $a20020107d1984 |0itac50 ba 101 $afre 102 $aFR 105 $a|||| ||||| 200 1 $aˆL'‰Egypte$eDes origines à la conquete d'Alexandre$fEtienne Drioton, Jacques Vandier. - 6e éd. - Paris$ePresses Universitaires de France, 1984 210 $axxxix$d726 p. ; 23 cm: - 1re éd. 1938 410 1$1001UON00065806$12001 $aDito 606 $aEgitto antico$xStoria$3UONC019229$2FI 620 $aFR$dParis$3UONL002984 676 $a932$cEgittologia / Storia dell'egitto antico fino al 640$v21 700 1$aDRIOTON$bEtienne$3UONV043200$0487703 701 1$aVANDIER$bJacques$3UONV043201$0487891 712 $aPresses Universitaires de France$3UONV245970$4650 801 $aIT$bSOL$c20251017$gRICA 899 $aSIBA - SISTEMA BIBLIOTECARIO DI ATENEO$2UONSI 912 $aUON00069182 950 $aSIBA - SISTEMA BIBLIOTECARIO DI ATENEO$dSI I a 035 $eSI AA 10265 5 035 996 $aEgypte$91162108 997 $aUNIOR